banner koha

Cultura do algodoeiro no estado de Mato Grosso (Registro n. 288183)

MARC details
000 -LÍDER
campo de controle de tamanho fixo 01144nac a22003737a 4500
001 - NÚMERO DE CONTROLE
campo de controle BR9702450
003 - IDENTIFICADOR DO NÚMERO DE CONTROLE
campo de controle BR-BrBNA
005 - DATA E HORÁRIO DA ÚLTIMA TRANSAÇÃO
campo de controle 20240105121918.0
008 - CAMPO DE DADOS FIXOS--INFORMAÇÃO GERAL
campo de controle de tamanho fixo 230509b bl.|||m| |||| 00| 0 por d
040 ## - FONTE DA CATALOGAÇÃO
Instituição da catalogação original BR-BrBNA
Idioma da catalogação por
Instituição que transcreveu o registro Biblioteca Nacional de Agricultura
072 ## - CÓDIGO DE CATEGORIA DE ASSUNTO
Código de Categoria de Assunto F01; F08
090 ## - NÚMERO DE CHAMADA LOCAL
Número de chamada 0430 BR9702450
100 1# - ENTRADA PRINCIPAL--NOME PESSOAL
Nome pessoal Freire, E.C.
100 1# - ENTRADA PRINCIPAL--NOME PESSOAL
Nome pessoal Soares, J.J.
100 1# - ENTRADA PRINCIPAL--NOME PESSOAL
Nome pessoal Farias, F.J.C.
100 1# - ENTRADA PRINCIPAL--NOME PESSOAL
Nome pessoal Arantes, E.M.
100 1# - ENTRADA PRINCIPAL--NOME PESSOAL
Nome pessoal Andrade, F.P. de
100 1# - ENTRADA PRINCIPAL--NOME PESSOAL
Nome pessoal Paro, H.
100 1# - ENTRADA PRINCIPAL--NOME PESSOAL
Nome pessoal Laca-Buendia, J.P.L.
110 1# - ENTRADA PRINCIPAL--NOME CORPORATIVO
Nome corporativo ou nome da jurisdição Centro Nacional de Pesquisa do Algodao, Campina Grande, PB (Brasil)
9 (RLIN) 1702
245 1# - TÍTULO
Título Cultura do algodoeiro no estado de Mato Grosso
260 3# - PUBLICAÇÃO, DISTRIBUIÇÃO, ETC.
Local de publicação, distribuição, etc. Campo Grande, PB (Brasil):
Data da publicação, distribuição, etc. 1997.
300 ## - DESCRIÇÃO FÍSICA
Extensão 65 p.
490 ## - TÍTULO DA SÉRIE
Título da série Circular Tecnica - Centro Nacional de Pesquisa de Algodao (Brazil)
Número do volume ou designação sequencial da série no. 23
ISSN - International Standard Serial Number ISSN 0100-6460
500 ## - NOTA GERAL
Nota geral 27 ref.; 12 illus.; 13 tables
650 ## - ASSUNTO--TERMO TÓPICO
Cabeçalho tópico ou nome geográfico Algodao
650 ## - ASSUNTO--TERMO TÓPICO
Cabeçalho tópico ou nome geográfico Pratica Cultural
650 ## - ASSUNTO--TERMO TÓPICO
Cabeçalho tópico ou nome geográfico Calagem
650 ## - ASSUNTO--TERMO TÓPICO
Cabeçalho tópico ou nome geográfico Adubacao
650 ## - ASSUNTO--TERMO TÓPICO
Cabeçalho tópico ou nome geográfico Rotacao de Cultura
650 ## - ASSUNTO--TERMO TÓPICO
Cabeçalho tópico ou nome geográfico Variedade
909 ## -
-- 202312
-- Lúcia Elande
-- 55
-- Lúcia Elande
942 ## - ELEMENTOS DE ENTRADA ADICIONADOS (KOHA)
Fonte da classificação ou esquema de arquivamento na estante Classificação AGRIS
Ocultar no OPAC Não
Tipo de material Koha Monografia Seriada
Exemplares
Situação do descarte Fonte da classificação ou esquema de arquivamento na estante Situação física Não pode ser emprestado Coleção Biblioteca de origem Biblioteca atual Localização na estante Total de empréstimos Número de telefone completo Código de barras Data de último acesso Tipo de material Koha Fonte de aquisição
  Classificação AGRIS       Biblioteca Nacional de Agricultura - Binagri Biblioteca Nacional de Agricultura - Binagri Agrobase - Acervo Geral   0430 BR9702450 0430 BR9702450 18/12/2023 Monografia Seriada Portaria Interministerial nº 164/94

BINAGRI

Telefone: (61)3218-2567/2388/3357/2097 - binagri@agro.gov.br

Ministério da Agricultura e Pecuária , Esplanada dos Ministérios, Bloco D, Anexo B, Brasília/DF, CEP: 70.043-900